|
|
|
|
| LEADER |
01075nam a2200217 u 4500 |
| 001 |
10060786 |
| 003 |
GR-PaULI |
| 005 |
20220331142131.0 |
| 008 |
070419s1983 gr o gre |
| 952 |
|
|
|0 0
|1 0
|2 ddc
|4 0
|6 920_009000000000000_495_85_ΕΠΙ
|7 0
|9 358578
|a LISP
|b LISP
|c DON
|d 2022-03-31
|e ΠΑΤ
|i 140457
|l 0
|o 920.009 495 85 ΕΠΙ
|p 025000290294
|r 2022-03-31 00:00:00
|t 1
|w 2022-03-31
|y BKN
|
| 999 |
|
|
|c 209693
|d 209693
|
| 040 |
|
|
|a GR-PaULI
|c GR-PaULI
|b gre
|e AACR2
|
| 082 |
0 |
4 |
|a 920.009 495 85
|2 23
|
| 245 |
0 |
0 |
|a Επιφανείς Αμοργίνοι /
|b
|c επιμέλεια ύλης, διορθώσεις Νι. Πράσινος, Μηνάς Λαμπρινίδης.
|
| 260 |
|
|
|a Αθήνα :
|b Σύνδεσμος Αμοργινών,
|c 1983.
|
| 300 |
|
|
|a 428, [3] σ. :
|b εικ. ;
|c 21 εκ.
|
| 651 |
|
4 |
|9 191199
|a Αμοργός (Κυκλάδες)
|x Βιογραφία.
|
| 700 |
1 |
|
|9 191202
|a Πράσινος, Νικ.
|e επιμελητής.
|
| 700 |
1 |
|
|9 191201
|a Λαμπρινίδης, Μηνάς Α.,
|d 1920-
|e επιμελητής.
|
| 942 |
|
|
|2 ddc
|c BKN
|
| 998 |
|
|
|c ΜΠΟΥΡΑΣ
|d 2022-03
|